Statistics for Typing Letters & Numbers Quiz

Click here to take the quiz!

General Stats

  • This quiz has been taken 42 times
  • The average score is 33 of 35

Answer Stats

Letter% Correct
A
100%
C
100%
D
100%
E
100%
F
100%
B
96%
H
96%
I
96%
J
96%
P
96%
S
96%
1
93%
2
93%
3
93%
4
93%
5
93%
6
93%
7
93%
8
93%
G
93%
K
93%
L
93%
M
93%
N
93%
O
93%
Q
93%
R
93%
T
93%
U
93%
V
93%
W
93%
X
93%
Y
93%
Z
93%
9
89%

Score Distribution

Percentile by Number Answered

Percent of People with Each Score

Your Score History

You have not taken this quiz